000 00620nam a22002417a 4500
003 UA-OsUOA
001 113741
007 ta
008 20151002b un ||||| |||| 00| 0 ukr d
090 _a222/224
942 _cBK
040 _aUA-OsUOA
_beng
_cUA-OsUOA
_dUA-OsUOA
245 _aOld Testament History of Redemption
_cF. Delitzch
300 _a213 p.
955 _a2
041 _aeng
080 _a222/224
020 _a0-913573-97-3
260 _aMassachusets
_bHP
_c1988
650 7 _a22 Біблія. Святе писання
_2UDC
999 _c399885
_d399885